| Tag |
First Indicator |
Second Indicator |
Subfields |
| LEADER |
00000cam a2200000K 4500 |
| 001 |
in00002120121 |
| 005 |
20151103065033.0 |
| 008 |
841206s1931 sp ab b 001 0 spa d |
| 035 |
|
|
|a (OCoLC)ocm11462796
|
| 040 |
|
|
|a IQU
|c IQU
|d UBA
|d OCLCQ
|d TXA
|d UtOrBLW
|
| 041 |
1 |
|
|a spa
|h ger
|
| 049 |
|
|
|a TXAM
|
| 090 |
|
|
|a GB54
|b .G94 1931
|
| 100 |
1 |
|
|a Günther, Siegmund,
|d 1848-1923.
|
| 245 |
1 |
0 |
|a Geografía física /
|c Traducido de la 4.a ed. alemana por Carlos de Salas.
|
| 250 |
|
|
|a [3. ed].
|
| 264 |
|
1 |
|a Barcelona :
|b Editorial Labor,
|c [1931]
|
| 300 |
|
|
|a 192 pages :
|b illustrations, maps (part folded) ;
|c 19 cm.
|
| 336 |
|
|
|a text
|b txt
|2 rdacontent
|
| 337 |
|
|
|a unmediated
|b n
|2 rdamedia
|
| 338 |
|
|
|a volume
|b nc
|2 rdacarrier
|
| 490 |
0 |
|
|a Colección Labor, Sección VII: Geografía ;
|v no. 22
|
| 504 |
|
|
|a Bibliography: pages [185]-186.
|
| 536 |
|
|
|a From the Biblioteca Asensio, April 2004.
|
| 650 |
|
0 |
|a Physical geography.
|
| 650 |
|
7 |
|a Geografia fisica.
|2 larpcal
|
| 948 |
|
|
|a cataloged
|b cmulkey
|c 2006/5/4
|d 12:32:44 pm
|
| 994 |
|
|
|a C0
|b TXA
|
| 999 |
|
|
|a MARS
|
| 999 |
f |
f |
|s c4fdac40-bba9-3f21-8c98-931fb2e12642
|i 5d348ff9-3a65-3182-a675-e1fd11b48f0c
|t 0
|
| 952 |
f |
f |
|p ric
|a Texas A&M University
|b Rellis Campus
|c Joint Library Facility
|d Remote Storage
|t 0
|e GB54 .G94 1931
|h Library of Congress classification
|i unmediated -- volume
|m A14834077442
|
| 998 |
f |
f |
|a GB54 .G94 1931
|t 0
|l Remote Storage
|